[Event "Efremov Pechenov Memorial"]
[Site "Efremov"]
[Date "2017.04.29"]
[Round "13"]
[White "Huseynsoy, Huseyn"]
[Black "Biriukov, Alexander"]
[Result "1-0"]
[WhiteElo "2163"]
[BlackElo "2218"]
[PlyCount "61"]
[EventDate "2017.04.22"]
[EventType "tourn"]
[EventRounds "13"]
[EventCountry "RUS"]
[EventCategory "2"]
[SourceTitle "CBM 178 Extra"]
[Source "ChessBase"]
[SourceDate "2017.06.22"]
[SourceVersion "1"]
[SourceVersionDate "2017.06.22"]
[SourceQuality "1"]

1. e4 e6 2. d4 d5 3. Nd2 dxe4 4. Nxe4 Nd7 5. Bc4 Ngf6 6. Nxf6+ Nxf6 7. Bg5 Be7 8. Nf3 0-0 9. Qe2 c5 10. 0-0-0 Qa5 11. Kb1 b5 12. Bxb5 Rb8 13. Bc4 cxd4 14. Rxd4 Bb7 15. h4 Qb6 16. c3 h6 17. Bd3 Bd5 18. Ne5 Qa5 19. c4 Ba3 20. b3 Qc3 21. Bxf6 Rxb3+ 22. axb3 Rb8 23. Bh7+ Kxh7 24. Qd3+ Be4 25. Qxe4+ g6 26. Qxg6+ fxg6 27. Rd7+ Kg8 28. Rg7+ Kf8 29. Nxg6+ Ke8 30. Bxc3 Rxb3+ 31. Kc2 1-0

[Event "Efremov Pechenov Memorial"]
[Site "Efremov"]
[Date "2017.04.27"]
[Round "9"]
[White "Huseynsoy, Huseyn"]
[Black "Grigoriev, Vladimir"]
[Result "1-0"]
[WhiteElo "2163"]
[BlackElo "2224"]
[PlyCount "49"]
[EventDate "2017.04.22"]
[EventType "tourn"]
[EventRounds "13"]
[EventCountry "RUS"]
[EventCategory "2"]
[SourceTitle "CBM 178 Extra"]
[Source "ChessBase"]
[SourceDate "2017.06.22"]
[SourceVersion "1"]
[SourceVersionDate "2017.06.22"]
[SourceQuality "1"]

1. e4 e5 2. Nf3 Nc6 3. Bb5 f5 4. Nc3 fxe4 5. Nxe4 d5 6. Nxe5 dxe4 7. Nxc6 Qd5 8. c4 Qd6 9. Nxa7+ c6 10. Nxc8 Rxc8 11. Ba4 Qe5 12. 0-0 Bd6 13. g3 Nf6 14. d3 Rd8 15. Qe2 Bc5 16. Bf4 Qf5 17. dxe4 Qh3 18. Qf3 0-0 19. Rad1 Ra8 20. Bb3 Ng4 21. Qg2 Qh5 22. Rd2 Rad8 23. h3 Ne5 24. Bd1 Qe8 25. Rxd8 1-0